Šetřme časem rychločtení a umění koncentrace

Salvato in:
Dettagli Bibliografici
Autore principale: Gruber, David
Natura: Libro
Lingua:ceco
Pubblicazione: Praha MANAGEMENT PRESS 2002
Edizione:5. vyd. - dotisk
Soggetti:
Tags: Aggiungi Tag
Nessun Tag, puoi essere il primo ad aggiungerne!!

MARC

LEADER 00000nam a2200000 4500
001 c139448
005 20221124094836.2
020 |a 80-7261-035-X 
041 0 |a cze 
044 |a CZ 
245 1 0 |a Šetřme časem  |b rychločtení a umění koncentrace  |c David Gruber 
250 |a 5. vyd. - dotisk 
264 1 |a Praha  |b MANAGEMENT PRESS  |c 2002 
300 |a 182 s. 
610 2 0 |a poradenstvo 
610 2 0 |a psychológia 
610 2 0 |a zručnosti 
610 2 0 |a vzťahy pracovné 
610 2 0 |a vzťahy medziľudské 
610 2 0 |a informácie 
610 2 0 |a úspech pracovný 
610 2 0 |a poradenstvo 
610 2 0 |a testy 
100 1 |a Gruber, David